Statistics for Yinchuan Hedong International Airport Destinations (Yinchuan, China)

Click here to take the quiz!

General Stats

  • This quiz has been taken 5 times
  • The average score is 47 of 92

Answer Stats

AirlineDestination% Correct
Air China/China Eastern Airlines/Sichuan AirlinesChengdu (Shuangliu)
100%
Chengdu Airlines/Loong Air/Qingdao Airlines/Sichuan AirlinesChengdu (Tianfu)
100%
Beijing Capital Airlines/China Southern Airlines/Sichuan AirlinesGuangzhou
100%
Air ChinaHong Kong
100%
China Eastern Airlines/China Southern Airlines/Juneyao Airlines/Qingdao Airlines/Shenzhen AirlinesNanjing
100%
China Southern Airlines/Okay Airways/Shandong Airlines/Shenzhen AirlinesNanning
100%
China Eastern Airlines/Shandong AirlinesQingdao
100%
China Eastern Airlines/Spring Airlines/XiamenAirShanghai (Hongqiao)
100%
Air China/China Eastern Airlines/Juneyao Airlines/Loong Air/Shanghai Airlines/Spring AirlinesShanghai (Pudong)
100%
China Southern Airlines/Shenzhen AirlinesShenzhen
100%
Air China/Okay Airways/Tibet Airlines/XiamenAirTianjin
100%
China Eastern Airlines/China Southern Airlines/Loong Air/Shandong AirlinesWuhan
100%
Okay Airways/Shandong Airlines/XiamenAirXiamen
100%
China Eastern Airlines/Shanghai AirlinesXi'an
100%
Air China/Grand China AirBeijing (Capital)
80%
Air China/China Eastern Airlines/China Southern Airlines/Hebei Airlines/Shanghai Airlines/XiamenAirBeijing (Daxing)
80%
China Southern Airlines/Okay Airways/Shanghai Airlines/XiamenAirChangsha
80%
Air China/Sichuan Airlines/West Air/XiamenAirChongqing
80%
China Eastern Airlines/Dalian Airlines/Hainan Airlines/Tianjin AirlinesDalian
80%
Fuzhou Airlines/XiamenAirFuzhou
80%
China Eastern Airlines/LJ Air/XiamenAirHarbin
80%
China Eastern AirlinesKunming
80%
Shandong AirlinesLanzhou
80%
Tibet AirlinesLhasa
80%
China Eastern AirlinesShenyang
80%
China Eastern Airlines/China Southern Airlines/Loong Air/Okay Airways/Shandong Airlines/XiamenAirUrumqi
80%
Air China/Air Guilin/China Southern Airlines/Hainan Airlines/Shandong Airlines/Shanghai Airlines/Shenzhen Airlines/Sichuan Airlines/XiamenAirZhengzhou
80%
Loong AirAksu
60%
China Express AilinesBaotou
60%
Loong Air/Shanghai AirlinesChangchun
60%
Sichuan AirlinesDubai (International)
60%
China Southern Airlines/Colorful Giuzhou Airlines/Shandong AirlinesGuiyang
60%
China Southern Airlines/Hainan Airlines/Okay AirwaysHaikou
60%
Air China/Beijing Capital Airlines/Chengdu Airlines/Loong Air/Okay Airways/Shandong Airlines/XiamenAirHangzhou
60%
China Eastern Airlines/Shandong Airlines/Spring AirlinesHefei
60%
China Eastern AirlinesHohhot
60%
Chengdu Airlines/Shandong AirlinesJinan
60%
China Eastern Airlines/Shenzhen Airlines/Spring AirlinesNanchang
60%
Loong Air/Okay Airways/Spring AirlinesNingbo
60%
Shenzhen Airlines/XiamenAirQuanzhou
60%
Beijing Capital Airlines/Sichuan AirlinesSanya
60%
Chengdu Airlines/China Eastern Airlines/Shandong Airlines/Spring Airlines/West AirShijiazhuang
60%
China Eastern Airlines/Shandong AirlinesTaiyuan
60%
Loong Air/Shanghai AirlinesWenzhou
60%
China Eastern AirlinesWuxi
60%
China Eastern Airlines/Qingdao Airlines/Shandong AirlinesXining
60%
Shandong AirlinesYantai
60%
China Eastern AirlinesDatong
40%
Beijing Capital Airlines/China Eastern AirlinesDunhuang
40%
Sichuan AirlinesGuilin
40%
Chongqing AirlinesHuizhou
40%
Spring AirlinesJieyang
40%
XiamenAirJining
40%
Shanghai Airlines/XiamenAirLuoyang
40%
Shandong AirlinesMianyang
40%
Loong AirNanyang
40%
Fuzhou AirlinesWeifang
40%
Loong AirXuzhou
40%
GX Airlines/Shenzhen AirlinesYichang
40%
Tianjin AirlinesYulin (Shaanxi)
40%
Shandong AirlinesAnshun
20%
China Express AilinesBijie
20%
China Eastern AirlinesChangzhi
20%
Loong AirChangzhou
20%
China Eastern AirlinesChifeng
20%
Okay AirwaysFuyang
20%
Juneyao AirlinesHailar
20%
China Eastern AirlinesHuai'an
20%
China Eastern AirlinesJiayuguan
20%
Shanghai AirlinesLianyungang
20%
Sichuan AirlinesLongnan
20%
Chongqing AirlinesLuzhou
20%
Shenzhen AirlinesNantong
20%
China Eastern AirlinesOrdos
20%
XiamenAirQingyang
20%
Air ChinaQionghai
20%
Shandong AirlinesTangshan
20%
Loong AirXiangyang
20%
China Express AilinesXingyi
20%
China Eastern AirlinesXinzhou
20%
Chengdu AirlinesYan'an
20%
Spring AirlinesYancheng
20%
China Eastern Airlines/China Southern AirlinesYiwu
20%
Shanghai AirlinesZhangjiajie
20%
Chengdu Airlines/China Eastern AirlinesZhangye
20%
XiamenAirZhuhai
20%
XiamenAirZunyi (Maotai)
20%
Chengdu AirlinesZunyi (Xinzhou)
20%
Qingdao AirlinesErenhot
0%
Hebei AirlinesGuyuan
0%
XiamenAirQinghuangdao
0%
China Express AilinesTianshui
0%

Score Distribution

Percentile by Number Answered

Percent of People with Each Score

Your Score History

You have not taken this quiz